Három egyetem joghallgatói Szegeden. Megnyitották az országos diákköri konferencia szekcióját

Elmentve itt :
Bibliográfiai részletek
Dokumentumtípus: Cikk
Megjelent: 1972-03-23
Sorozat:Délmagyarország 62 No. 70
Kulcsszavak:Diákköri konferencia - X.
Online Access:http://dmarchiv.bibl.u-szeged.hu/88294
LEADER 00483nab a2200145 i 4500
001 delm88294
005 20190320142531.0
008 190320s1972 hu o 0|| hun d
040 |a SZTE Délmagyarország Archívum  |b hun 
041 |a hun 
245 0 0 |a Három egyetem joghallgatói Szegeden. Megnyitották az országos diákköri konferencia szekcióját  |h [elektronikus dokumentum] 
260 |c 1972-03-23 
300 |a 5 
490 0 |a Délmagyarország  |v 62 No. 70 
695 |a Diákköri konferencia - X.